<?xml version="1.0" encoding="UTF-8"?><?xml-stylesheet type="text/xsl" href="static/style.xsl"?><OAI-PMH xmlns="http://www.openarchives.org/OAI/2.0/" xmlns:xsi="http://www.w3.org/2001/XMLSchema-instance" xsi:schemaLocation="http://www.openarchives.org/OAI/2.0/ http://www.openarchives.org/OAI/2.0/OAI-PMH.xsd"><responseDate>2026-06-01T00:24:12Z</responseDate><request verb="GetRecord" identifier="oai:riuma.uma.es:10630/22656" metadataPrefix="marc">https://riuma.uma.es/rest/oai/request</request><GetRecord><record><header><identifier>oai:riuma.uma.es:10630/22656</identifier><datestamp>2026-02-03T12:11:37Z</datestamp><setSpec>com_10630_2254</setSpec><setSpec>col_10630_37959</setSpec></header><metadata><record xmlns="http://www.loc.gov/MARC21/slim" xmlns:dcterms="http://purl.org/dc/terms/" xmlns:doc="http://www.lyncode.com/xoai" xmlns:xsi="http://www.w3.org/2001/XMLSchema-instance" xsi:schemaLocation="http://www.loc.gov/MARC21/slim http://www.loc.gov/standards/marcxml/schema/MARC21slim.xsd">
   <leader>00925njm 22002777a 4500</leader>
   <datafield ind2=" " ind1=" " tag="042">
      <subfield code="a">dc</subfield>
   </datafield>
   <datafield ind2=" " ind1=" " tag="720">
      <subfield code="a">Gil-Márquez, José Manuel</subfield>
      <subfield code="e">author</subfield>
   </datafield>
   <datafield ind2=" " ind1=" " tag="720">
      <subfield code="a">Mudarra-Martínez, Matías</subfield>
      <subfield code="e">author</subfield>
   </datafield>
   <datafield ind2=" " ind1=" " tag="720">
      <subfield code="a">Martín-Rodríguez, José Francisco</subfield>
      <subfield code="e">author</subfield>
   </datafield>
   <datafield ind2=" " ind1=" " tag="720">
      <subfield code="a">Linares Girela, Luis</subfield>
      <subfield code="e">author</subfield>
   </datafield>
   <datafield ind2=" " ind1=" " tag="720">
      <subfield code="a">Carrasco-Cantos, Francisco</subfield>
      <subfield code="e">author</subfield>
   </datafield>
   <datafield ind2=" " ind1=" " tag="720">
      <subfield code="a">Andreo-Navarro, Bartolomé</subfield>
      <subfield code="e">author</subfield>
   </datafield>
   <datafield ind2=" " ind1=" " tag="260">
      <subfield code="c">2021</subfield>
   </datafield>
   <datafield ind2=" " ind1=" " tag="520">
      <subfield code="a">El manantial de Meliones (provincia de Málaga) es una polisurgencia hipersalina asociada a la formación arcilloso-&#xd;
evaporítica del Trías de Antequera. Su drenaje natural deteriora la calidad química del agua embalsada en la presa del&#xd;
Guadalhorce, una de las fuentes de abastecimiento a la ciudad de Málaga. Algunos organismos públicos ejecutaron medidas&#xd;
correctoras con un enfoque muy local, centradas en la alteración de los procesos de infiltración rápida en el entorno inmediato&#xd;
al manantial, que no han solucionado el problema. Sin embargo, existen evidencias de que el Trías de Antequera es un&#xd;
sistema hidrogeológico complejo, en el que flujos rápidos localizados en los enclaves kársticos evaporíticos coexistirían con&#xd;
otros de tipo difuso. En este trabajo se ha datado el agua del manantial de Meliones con 3H, CFC-12 y 4He. Además, se han&#xd;
creado modelos de parámetros agregados que definen la distribución de edad de la muestra. Los resultados evidencian que la&#xd;
mayor parte del agua hipersalina drenada por la surgencia fue infiltrada hace más de un siglo. Esto confirma la existencia de&#xd;
un sistema regional con flujos jerarquizados donde flujos regionales lentos y de gran recorrido confluyen con otros rápidos&#xd;
y más cortos.</subfield>
   </datafield>
   <datafield ind1="8" ind2=" " tag="024">
      <subfield code="a">https://hdl.handle.net/10630/22656</subfield>
   </datafield>
   <datafield tag="653" ind2=" " ind1=" ">
      <subfield code="a">Aguas subterráneas -- Análisis</subfield>
   </datafield>
   <datafield ind2="0" ind1="0" tag="245">
      <subfield code="a">Datación del agua del manantial de Meliones (provincia de Málaga) y su integración en un modelo hidrogeológico conceptual de carácter regional</subfield>
   </datafield>
</record>
</metadata></record></GetRecord></OAI-PMH>